|
|
|
|
| LEADER |
00000nas a2200000 i 4500 |
| 001 |
ssj0001125293 |
| 003 |
WaSeSS |
| 005 |
20200512172242.0 |
| 006 |
m d |
| 007 |
cr n |
| 008 |
111207c20139999enkar s 0 a0eng |
| 010 |
|
|
|a 2012273605
|
| 015 |
|
|
|a GBB630971
|2 bnb
|
| 016 |
7 |
|
|a 017085395
|2 Uk
|
| 022 |
|
|
|a 2165-0020
|y 2165-0012
|
| 035 |
|
|
|a (WaSeSS)ssj0001125293
|
| 037 |
|
|
|b Routledge, Taylor & Francis Group, 4 Park Square, Milton Park, Abingon, Oxfordshire, OX14 4RN UK
|
| 040 |
|
|
|a DLC
|b eng
|e pn
|c DLC
|d DLC
|d OCLCQ
|d DLC
|d OTZ
|d OCLCO
|d DLC
|d OCLCF
|d CUS
|d DLC
|d UKMGB
|d VT2
|d CNTRU
|d WaSeSS
|
| 042 |
|
|
|a pcc
|a nsdp
|
| 050 |
0 |
0 |
|a HT165.5
|
| 082 |
1 |
0 |
|a 307
|2 15
|
| 222 |
|
0 |
|a Urban, planning and transport research
|
| 245 |
0 |
0 |
|a Urban, planning and transport research
|h [electronic resource].
|
| 260 |
|
|
|a Abingon, Oxfordshire, UK :
|b Routledge, Taylor & Francis Group,
|c 2013-
|
| 310 |
|
|
|a Annual
|
| 362 |
1 |
|
|a Began with Volume 1, issue 1 (2013).
|
| 506 |
|
|
|a License restrictions may limit access.
|
| 588 |
|
|
|a Description based in: Volume 1, issue 1 (2013); title from journal home page (publisher's website viewed Aug. 12, 2014).
|
| 588 |
|
|
|a Latest issue consulted: Volume 6, issue 1 (2018) (Taylor & Francis Online, viewed Oct. 12, 2018).
|
| 650 |
|
0 |
|a City planning
|v Periodicals.
|
| 650 |
|
0 |
|a Cities and towns
|x Growth
|v Periodicals.
|
| 650 |
|
0 |
|a Urban renewal
|v Periodicals.
|
| 650 |
|
0 |
|a Cities and towns
|x Research
|v Periodicals.
|
| 650 |
|
0 |
|a Urban transportation
|v Periodicals.
|
| 650 |
|
7 |
|a Cities and towns
|x Growth.
|2 fast
|0 (OCoLC)fst00861781
|
| 650 |
|
7 |
|a Cities and towns
|x Research.
|2 fast
|0 (OCoLC)fst00861837
|
| 650 |
|
7 |
|a City planning.
|2 fast
|0 (OCoLC)fst00862177
|
| 650 |
|
7 |
|a Urban renewal.
|2 fast
|0 (OCoLC)fst01162536
|
| 650 |
|
7 |
|a Urban transportation.
|2 fast
|0 (OCoLC)fst01162609
|
| 655 |
|
0 |
|a Electronic journals.
|
| 850 |
|
|
|a DLC
|
| 856 |
4 |
0 |
|z Full text available from Research Library: 12/01/2018 to present
|u https://search.proquest.com/publication/3933320
|